Word Ladder: Cat Stevens' Ride Quiz Stats

Quiz Updated Jun 11, 2015

Challenge
Share
Tweet
Embed
Score 0/10 Timer 02:00
0 Plays Today
Hint 5-Letter Word % Correct
Mark or ShaniaTWAIN
94.2%
Add seeds to a gardenPLANT
93%
KilledSLAIN
88.8%
UnadornedPLAIN
88.2%
Hair braidPLAIT
86.4%
Young suitorSWAIN
84.6%
Shave woodPLANE
82.7%
'Drops of Jupiter' bandTRAIN
77%
Win and Show counterpartPLACE
75.2%
'_____ in our Time'PEACE
53.4%

Today's Daily Dose

You're not logged in!

Compare scores with friends on all Sporcle quizzes.
Sign Up with Email
OR
Log In

You Might Also Like...

Show Comments

Extras

Top Quizzes Today


Score Distribution

Your Account Isn't Verified!

In order to create a playlist on Sporcle, you need to verify the email address you used during registration. Go to your Sporcle Settings to finish the process.